Bioinformatics (Record no. 17278)

000 -LEADER
fixed length control field 00371nam a22001337a 4500
003 - CONTROL NUMBER IDENTIFIER
control field ASAB
005 - DATE AND TIME OF LATEST TRANSACTION
control field 20180104122416.0
008 - FIXED-LENGTH DATA ELEMENTS--GENERAL INFORMATION
fixed length control field 150803t xxu||||| |||| 00| 0 eng d
020 ## - INTERNATIONAL STANDARD BOOK NUMBER
International Standard Book Number 81-7319-715-6
040 ## - CATALOGING SOURCE
Transcribing agency ASAB
082 ## - DEWEY DECIMAL CLASSIFICATION NUMBER
Classification number 572.80285
100 ## - MAIN ENTRY--PERSONAL NAME
Personal name N Gautham
9 (RLIN) 1008
245 ## - TITLE STATEMENT
Title Bioinformatics
Remainder of title Databases and Algorithms
260 ## - PUBLICATION, DISTRIBUTION, ETC.
Place of publication, distribution, etc. New Delhi, Chennai, Mumbai, Kolkata
Name of publisher, distributor, etc. Narosa Publishing House
Date of publication, distribution, etc. 2006
300 ## - PHYSICAL DESCRIPTION
Extent 248 P.
630 ## - SUBJECT ADDED ENTRY--UNIFORM TITLE
Uniform title Bioinformatics
9 (RLIN) 5406
942 ## - ADDED ENTRY ELEMENTS (KOHA)
Source of classification or shelving scheme
Koha item type Book
Holdings
Withdrawn status Lost status Source of classification or shelving scheme Damaged status Not for loan Collection code Permanent Location Current Location Date acquired Total Checkouts Full call number Barcode Date last seen Date last checked out Price effective from Koha item type
            Central Library (CL) Central Library (CL) 08/03/2015 1 572.80285 GAU ASAB1709 01/30/2025 11/28/2024 08/03/2015 Book
© 2023 Central Library, National University of Sciences and Technology. All Rights Reserved.